Visualizzazione normale
Vista MARC
- Bastaire Jean
di Personal Name
Records bibliografici associati: 1
001 - CONTROL NUMBER
- control field: 63381
003 - CONTROL NUMBER IDENTIFIER
- control field:
005 - DATE AND TIME OF LATEST TRANSACTION
- control field: 20260206145522.0
008 - FIXED-LENGTH DATA ELEMENTS
- fixed length control field: 260206|| aca||aabn | a|a d
040 ## - CATALOGING SOURCE
- Original cataloging agency:
- Transcribing agency:
100 ## - HEADING--PERSONAL NAME
- Personal name: Bastaire Jean
670 ## - SOURCE DATA FOUND
- Source citation: Work cat.: ()216661: Bastaire Jean, Eros redento., 1991 [Edizione originale: 1990]